书目信息 |
| 题名: |
畜禽球虫病
|
|
| 作者: | 本书组 | |
| 分册: | ||
| 出版信息: | 北京 中国农业出版社 1993.08 |
|
| 页数: | 82页 | |
| 开本: | 19cm | |
| 丛书名: | ||
| 单 册: | ||
| 中图分类: | S855.9 | |
| 科图分类: | ||
| 主题词: | 兽医学 | |
| 电子资源: | ||
| ISBN: | 7-109-02838-0 | |
| 000 | 00476nam0 2200181 450 | |
| 001 | 0753393394 | |
| 005 | 20071128145151.38 | |
| 010 | @a7-109-02838-0@dCNY1.90 | |
| 100 | @a20071128d1993 km y0chiy0120 ea | |
| 101 | 0 | @achi |
| 102 | @aCN@b110000 | |
| 200 | 1 | @a畜禽球虫病@Axu qin qiu chong bing@f本书组@Fben shu zu |
| 210 | @a北京@c中国农业出版社@d1993.08 | |
| 215 | @a82页@d19cm | |
| 606 | 0 | @a兽医学 |
| 690 | @aS855.9@v4 | |
| 801 | 0 | @aCN@bPFT@c20071128 |
| 905 | @aBZT@dS855.9@e17 | |
| 畜禽球虫病/本书组.-北京:中国农业出版社,1993.08 |
| 82页;19cm |
| ISBN 7-109-02838-0:CNY1.90 |
| ● |
| 相关链接 |
|
|
|
正题名:畜禽球虫病
索取号:S855.9/17
 
预约/预借
| 序号 | 登录号 | 条形码 | 馆藏地/架位号 | 状态 | 备注 |
| 1 | 062584 | 200841768 | 中心书库中库/ 中库031架A面3列2层40/ [索取号:S855.9/17] | 在馆 |